World War II: (Record no. 13333)
[ view plain ]
| 000 -LEADER | |
|---|---|
| fixed length control field | 00935nam a22002777a 4500 |
| 001 - CONTROL NUMBER | |
| control field | B-263634-659 |
| 003 - CONTROL NUMBER IDENTIFIER | |
| control field | dpl |
| 005 - DATE AND TIME OF LATEST TRANSACTION | |
| control field | 20080602112520.0 |
| 006 - FIXED-LENGTH DATA ELEMENTS--ADDITIONAL MATERIAL CHARACTERISTICS--GENERAL INFORMATION | |
| fixed length control field | a|||||r|||||00| 1 |
| 007 - PHYSICAL DESCRIPTION FIXED FIELD--GENERAL INFORMATION | |
| fixed length control field | ta |
| 008 - FIXED-LENGTH DATA ELEMENTS--GENERAL INFORMATION | |
| fixed length control field | 080602t xxu||||| |||| 00| 0 eng d |
| 010 ## - LIBRARY OF CONGRESS CONTROL NUMBER | |
| LC control number | B-263634-659 |
| 020 ## - INTERNATIONAL STANDARD BOOK NUMBER | |
| International Standard Book Number | 075547287X |
| Terms of availability | 135.00 |
| 037 ## - SOURCE OF ACQUISITION | |
| Stock number | 562 |
| Source of stock number/acquisition | Star Book Point/4..5.08/4/8.4.08/19.5.08/135.00/ |
| Terms of availability | 135.00 |
| 040 ## - CATALOGING SOURCE | |
| Original cataloging agency | DPL |
| Language of cataloging | English |
| Transcribing agency | DPL |
| Modifying agency | DPL |
| Description conventions | DPL |
| 082 ## - DEWEY DECIMAL CLASSIFICATION NUMBER | |
| Classification number | / WOR |
| 245 ## - TITLE STATEMENT | |
| Title | World War II: |
| Remainder of title | exploring the tragic events that changed the world |
| 260 ## - PUBLICATION, DISTRIBUTION, ETC. (IMPRINT) | |
| Place of publication, distribution, etc | Bath |
| Name of publisher, distributor, etc | Robert Frederick |
| Date of publication, distribution, etc | 2007 |
| 260 ## - PUBLICATION, DISTRIBUTION, ETC. (IMPRINT) | |
| Place of publication, distribution, etc | Delhi |
| Name of publisher, distributor, etc | Star Book Point |
| Date of publication, distribution, etc | 2007 |
| 270 ## - ADDRESS | |
| Address | 4 North Parade |
| City | Bath BA1 1LF UK |
| 270 ## - ADDRESS | |
| Address | G/146, Geeta Colony |
| City | Delhi |
| Postal code | 110031 |
| 300 ## - PHYSICAL DESCRIPTION | |
| Extent | 45p.: |
| Other physical details | b&w photos |
| Dimensions | 27 cm (Hb) |
| 490 ## - SERIES STATEMENT | |
| Series statement | |
| 942 ## - ADDED ENTRY ELEMENTS (KOHA) | |
| Source of classification or shelving scheme | Dewey Decimal Classification |
| Koha item type | Children Books |
| Classification part | / WOR |
| Withdrawn status | Lost status | Damaged status | Not for loan | Collection code | Home library | Current library | Date acquired | Cost, normal purchase price | Total Checkouts | Full call number | Barcode | Date last seen | Copy number | Cost, replacement price | Price effective from | Koha item type |
|---|---|---|---|---|---|---|---|---|---|---|---|---|---|---|---|---|
| Non-fiction | Andrews Gunj | Andrews Gunj | 05/06/2008 | 135.00 | / WOR | 205 | 15/09/2008 | 26 | 135.00 | 15/09/2008 | Children Books |
